Normal view
MARC view
- Romero, Citlali
Entry Nombre Personal
001 - NUMERO DE CONTROL
- campo de control: 59180
003 - IDENTIFICADOR DE NUMERO DE CONTROL
- campo de control: DLC
005 - FECHA Y HORA DE LA ÜLTIMA TRANSACCIÓN
- campo de control: 20260326093757.0
008 - DATOS DE LONGITUD FIJA
- campo de control de longitud fija: 091208n| acannaabn |a aaa
010 ## - NÚMERO DE CONTROL DE LA BIBLIOTECA DEL CONGRESO
- Número de control LC: n 2009078209
040 ## - FUENTE DE CATALOGACIÓN
- Agencia original de catalogación: DLC
- Lenguaje de catalogación: spa
- Agencia de transcripción: DLC
- Agencia que lo modifica: MX-MxUPN
100 1# - ENCABEZAMIENTO - NOMBRE PERSONAL
- Nombre personal: Romero, Citlali
400 1# - VEÁSE - NOMBRE DE PERSONA
- Personal name: Romero Villagómez, Citlali
670 ## - FUENTE EN LA QUE SE LOCALIZARON DATOS
- Cita de la fuente: La formación de los jóvenes en México, 2008:
- Información localizada: portada (Citlali Romero) p. 311 (Citlali Romero Villagómez)
902 ## - CATALOGADOR
- Catalogador: Víctor Ruiz/260326
